Recommended planting material - 1973 (Record no. 66536)

MARC details
000 -LEADER
fixed length control field 00360nam a2200133Ia 4500
100 ## - MAIN ENTRY--AUTHOR NAME
Personal name Chandrasekera L B
245 #0 - TITLE STATEMENT
Title Recommended planting material - 1973
260 ## - PUBLICATION, DISTRIBUTION, ETC. (IMPRINT)
Name of publisher Rubber Research Institute of Ceylon Bulletin
Year of publication 1972
300 ## - PHYSICAL DESCRIPTION
Number of Pages 85-87
650 ## - SUBJECT ADDED ENTRY--TOPICAL TERM
Topical Term Ceylon
650 ## - SUBJECT ADDED ENTRY--TOPICAL TERM
Topical Term Planting material
942 ## - ADDED ENTRY ELEMENTS (KOHA)
Koha item type Journals
Holdings
Withdrawn status Lost status Damaged status Not for loan Home library Current library Shelving location Date acquired Serial Enumeration / chronology Koha item type
      Journals RRII Library RRII Library Botany 17/12/2021 Volume 7, Issue 04-Mar Journals